LEADER 01183nam--2200397---450- 001 990003543010203316 005 20110627095453.0 035 $a000354301 035 $aUSA01000354301 035 $a(ALEPH)000354301USA01 035 $a000354301 100 $a20110622d1944----km-y0itay50------ba 101 0 $aita 102 $aIT 105 $aa|||||||001yy 200 1 $aAminta$aMadrigali e ballate$fTasso$gintroduzione e commento di Tommaso Martella 210 $aRoma$cEditoriale romana$d1944 215 $a213 p.$c1 ritratto$d19 cm 225 2 $aGrandi scrittori d'ogni tempo 225 2 $aAlfa$v5 410 0$12001$aGrandi scrittori d'ogni tempo 410 0$12001$aAlfa$v5 676 $a852.4 700 1$aTASSO,$bTorquato$f<1544-1595>$0158668 702 1$aMARTELLA,$bTommaso 801 0$aIT$bsalbc$gISBD 912 $a990003543010203316 951 $aXV.2.A. 90$b486 F.C.$cXV.2.A. 959 $aBK 969 $aCUOMO 979 $aDIONIGI$b90$c20110622$lUSA01$h1223 979 $aDIONIGI$b90$c20110623$lUSA01$h1249 979 $aANNAMARIA$b90$c20110627$lUSA01$h0954 996 $aMadrigali e ballate$91113563 996 $aAminta$9485762 997 $aUNISA LEADER 01135nam a2200337 i 4500 001 991000934609707536 005 20020507180128.0 008 961202s1976 de ||| | eng 020 $a3540080007 035 $ab10777854-39ule_inst 035 $aLE01304532$9ExL 040 $aDip.to Matematica$beng 082 0 $a512.74 084 $aAMS 11-02 084 $aAMS 11R11 084 $aAMS 11R16 100 1 $aIshida, Makoto$0441256 245 14$aThe genus fields of algebraic number fields /$cIhida Makoto 260 $aBerlin :$bSpringer-Verlag,$c1976 300 $av, 115 p. ;$c24 cm 490 0 $aLecture notes in mathematics,$x0075-8434 ;$v555 500 $aBibliography: p. [100]-102 500 $aIncludes index 650 0$aAlgebraic fields 650 0$aClass field theory 907 $a.b10777854$b23-02-17$c28-06-02 912 $a991000934609707536 945 $aLE013 11-XX ISH11 (1976)$g1$i2013000066141$lle013$o-$pE0.00$q-$rl$s- $t0$u0$v0$w0$x0$y.i10876923$z28-06-02 996 $aGenus fields of algebraic number fields$980837 997 $aUNISALENTO 998 $ale013$b01-01-96$cm$da $e-$feng$gde $h4$i1